01554cam a22003737a 4500003000500000005001700005008004100022010001000063011001000073035001100083040000900094090001000103100004200113245024000155260004300395300001100438502011000449590003700559590004100596590004100637590004100678590004200719650004100761650004200802650004000844650002200884650003500906901000700941905002600948942001000974949005100984999001701035952012801052CHAP20220329142837.0040805d2003 mx r 00110 spa d a88607 a89579 a100130 cCHAP aTesis00aCamacho Escobar, Marco Antonio91767110aEfecto de restricción alimenticia y suplemento de microelementos en las características productivas, mortalidad por ascítis y propiedades físicas y químicas de la tibia de pollos de engordac/por Marco Antonio Camacho Escobar aMontecillo, Méx. :bEl autor,c2003. a104 h. aTesis (Dr. en Ciencias) -- CP. Instituto de Recursos Genéticos y Productividad. Programa de Ganadería aALEPHb10c20130110lUCH01h1459 aBATCH-UPDb10c20130110lUCH01h0703 aBATCH-UPDb10c20130410lUCH01h0348 aBATCH-UPDb10c20130914lUCH01h0451 aCONVERSIONb10c20130109lUCH01h134914aAnimalesxElementos minerales.9586114aAves de corralxAlimentación.9863814aAves de corralxEnfermedades.9864614aHidropsia.95528114aPollosxAlimentación.990268 aBK aAlejandra Carrasco M. cTESIS aTesisbBCcTESd1001301eTS1h42260i100130sb c88607d88607 00102local4051708TESISaBCbBCcPA_TESISd2019-12-31fTESISl0oTesisp1001301r2019-12-31 00:00:00w2019-12-31yTESIS